La guerra, la paz y las ciencias sociales en Centro América

Gorde:
Xehetasun bibliografikoak
Erakunde egilea: Universidad de El Salvador
Formatua: Texto
Argitaratua: San Salvador: Universidad de El Salvador
Etiketak: Etiketa erantsi
Etiketarik gabe, Izan zaitez lehena erregistro honi etiketa jartzen!

MARC

LEADER 00000 a a2200000 04500
001 21144
003
040
090 |a 091800  
110 |a Universidad de El Salvador  
245 |a La guerra, la paz y las ciencias sociales en Centro América  
260 |a San Salvador:   |b Universidad de El Salvador  
300 |a 45 p.  
999 |c 3023  |d 3023